Total Quality Management (Record no. 2873)

MARC details
000 -LEADER
fixed length control field 00377nam a22001697a 4500
005 - DATE AND TIME OF LATEST TRANSACTION
control field 20160616101346.0
008 - FIXED-LENGTH DATA ELEMENTS--GENERAL INFORMATION
fixed length control field 160616b xxu||||| |||| 00| 0 eng d
020 ## - INTERNATIONAL STANDARD BOOK NUMBER
ISBN 81-203-0903-0
041 ## - LANGUAGE CODE
Language code of text/sound track or separate title eng
082 ## - DEWEY DECIMAL CLASSIFICATION NUMBER
Item number 7903
100 ## - MAIN ENTRY--AUTHOR NAME
Personal name Bank, John
245 ## - TITLE STATEMENT
Title Total Quality Management
260 ## - PUBLICATION, DISTRIBUTION, ETC. (IMPRINT)
Name of publisher PHI
Year of publication 2003
300 ## - PHYSICAL DESCRIPTION
Number of Pages 196
650 ## - SUBJECT ADDED ENTRY--TOPICAL TERM
Topical Term Management
942 ## - ADDED ENTRY ELEMENTS (KOHA)
Koha item type Books
Holdings
Lost status Damaged status Collection code Home library Current library Shelving location Date acquired Cost, normal purchase price Full call number Accession Number Koha item type
    MANAGEMENT JRU Library JRU Library SHELF-63-M 16/06/2016 95.00 7903 7903 Books